| 000 | 00599cam a2200205 4500 | ||
|---|---|---|---|
| 001 | 1703859 | ||
| 005 | 20180206034143.0 | ||
| 008 | 690926r19691888miu b 000 0 eng | ||
| 010 | _a 68023139 | ||
| 040 |
_aDLC _cDLC _dDLC |
||
| 041 | _aeng | ||
| 080 | _a398.8 | ||
| 082 | 0 | 0 | _a398.8 BOL |
| 100 | 1 | _a50 | |
| 101 | _aSOC | ||
| 245 | 1 | 4 |
_aThe counting-out rhymes of children; _cNew York, Appleton, 1888. |
| 504 | _aBibliography: p. [vii]-ix. | ||
| 906 |
_a7 _bcbc _corignew _du _encip _f19 _gy-gencatlg |
||
| 942 |
_2ddc _cBK |
||
| 999 |
_c41852 _d41852 |
||